000 00525nam a2200193 a 4500
001 1773127630630
003 YourLibrary
005 20260310125913.0
008 260310s1998##################000#0#eng##
020 _a9780306458156
082 0 4 _a362.287
_bKOS
100 1 _aCongress, International Association for Suicide Prevention.,
_eauthor.
245 1 0 _aSuicide Prevention :
260 _bSpringer,
_c1998.
300 _a432 pages
650 0 _aMedical.
942 _cENGLISH
040 _aYourLibrary
_beng
_cYourLibrary
999 _c617323
_d617323